Colors on a Rubiks Cube - Statistics

General Stats
  • This quiz has been taken 264 times
  • The average score is 5 of 6
Answer Stats
Color % Correct
Red
97%
Blue
93%
Green
91%
Yellow
91%
White
90%
Orange
83%
No matching quizzes found
Score Distribution
Percent of People with Each Score
Percentile by Number Answered
Your Score History
You have not taken this quiz